[Event "Asian Junior Girls Chess Championship-2016"]
[Site "New Delhi"]
[Date "2016.05.07"]
[Round "5"]
[Board "9"]
[White "Ovezdurdiyeva, Jemal"]
[Black "Ananya, Suresh"]
[Result "0-1"]
[WhiteElo "1971"]
[BlackElo "1902"]
[PlyCount "0"]
[EventDate "2016.05.04"]
[EventRounds "9"]
[EventCountry "IND"]

1. d4 Nf6 2. c4 g6 3. Nc3 Bg7 4. e4 d6 5. Nf3 O-O 6. Be2 Na6 7. O-O e5 8. Be3 Ng4 9. Bg5 Qe8 10. h3 f6 11. Bc1 Nh6 12. Be3 Nf7 13. Rb1 f5 14. dxe5 dxe5 15. b4 f4 16. Bc1 b6 17. c5 bxc5 18. b5 Nb8 19. Qd5 c6 20. Qxc5 Be6 21. Bc4 Nd8 22. Ng5 Kh8 23. bxc6 Nbxc6 24. Ba3 f3 25. g3 h6 26. Nxe6 Nxe6 27. Qe3 Rf6 28. Nb5 Ng5 29. h4 Qc8 30. Rfc1 Nh3 31. Kf1 Qg4 32. Bd5 Nf4 33. gxf4 exf4 34. Qc5 Rc8 35. Nxa7 Bf8 36. Qb6 Rb8 37. Qa6 Nb4 38. Rxb4 Qg2 39. Ke1 Bxb4 40. Bxb4 Rxa6 41. Bc3 Kh7 42. Bd4 Qg1 43. Kd2 Rb2 44. Bxb2 Qxf2 45. Kd1 Qe2   0-1

[Event "Asian Junior Girls Chess Championship-2016"]
[Site "New Delhi"]
[Date "2016.05.07"]
[Round "5"]
[Board "10"]
[White "Sapale, Saloni"]
[Black "Potluri, Supreetha"]
[Result "1-0"]
[WhiteElo "2025"]
[BlackElo "1849"]
[PlyCount "0"]
[EventDate "2016.05.04"]
[EventRounds "9"]
[EventCountry "IND"]

1. e4 e5 2. Nf3 Nc6 3. Bb5 a6 4. Ba4 Nf6 5. O-O Be7 6. Re1 b5 7. Bb3 d6 8. c3 O-O 9. d4 Bg4 10. d5 Na5 11. Bc2 c6 12. h3 Bc8 13. dxc6 Qc7 14. Nbd2 Qxc6 15. Nf1 Nc4 16. a4 Be6 17. Ng3 Rfc8 18. Nh4 g6 19. Nf3 Rab8 20. Re2 Nb6 21. a5 Nbd7 22. Bd2 b4 23. Ba4 Qb7 24. cxb4 Bc4 25. Re1 d5 26. exd5 Bxd5 27. Bc3 Rd8 28. Qe2 Bxb4 29. Nxe5 Bxc3 30. Nxd7 Nxd7 31. bxc3 Bxg2 32. Bxd7 Bf3 33. Qe3 Rxd7 34. Rab1 Qxb1 35. Rxb1 Rxb1 36. Kh2 Bc6 37. Qe8 Kg7 38. Qe5 Kg8 39. Ne4 Bxe4 40. Qe8 Kg7 41. Qxd7 Bf5 42. Qd6 h5 43. h4 Rb2 44. Kg3 Rb3 45. Qd4 Kf8 46. Kf4 Ra3 47. Kg5 Rb3 48. Kf6   1-0

[Event "Asian Junior Girls Chess Championship-2016"]
[Site "New Delhi"]
[Date "2016.05.08"]
[Round "6"]
[Board "1"]
[White "Nandhidhaa, Pv"]
[Black "Chandreyee, Hajra"]
[Result "0-1"]
[WhiteElo "2141"]
[BlackElo "1996"]
[PlyCount "0"]
[EventDate "2016.05.04"]
[EventRounds "9"]
[EventCountry "IND"]

1. b3 d5 2. Bb2 f6 3. f4 g6 4. g3 Bg7 5. Nf3 Nh6 6. Bg2 Nf7 7. O-O e5 8. fxe5
fxe5 9. c4 d4 10. d3 Nd7 11. Na3 Nf6 12. Nc2 O-O 13. b4 Be6 14. e3 dxe3 15.
Nxe3 Ng4 16. Qe2 c6 17. h3 Nxe3 18. Qxe3 Qb6 19. Qxb6 axb6 20. Rfe1 Bf5 21. d4
Nd6 22. Nxe5 Bxe5 23. dxe5 Nxc4 24. Bd4 Na3 25. g4 Nc2 26. gxf5 Nxd4 27. Rad1
Nxf5 28. e6 Rxa2 29. e7 Re8 30. Rd7 Kf7 31. Rxb7 Rxe7 32. Rexe7+ Nxe7 33. Bxc6
Rb2 34. b5 Ke6 35. Be8 Nd5 36. Rxh7 Nf6 37. Bf7+ Ke7 38. Rg7 Kf8 39. Rxg6 Kxf7
40. Rg5 Ke6 41. h4 Rb4 42. h5 Rg4+ 43. Rxg4 Nxg4 44. Kg2 Ne3+ 45. Kf3 Nf5 46.
Kf4 Nd6 47. Kg5 Kf7 48. Kh6 Nxb5 49. Kh7 Nd6 50. h6 Nf5  0-1

[Event "Asian Junior Girls Chess Championship-2016"]
[Site "New Delhi"]
[Date "2016.05.08"]
[Round "6"]
[Board "2"]
[White "Bala, Kannamma P"]
[Black "Vaishali, R"]
[Result "0-1"]
[WhiteElo "2040"]
[BlackElo "2322"]
[PlyCount "0"]
[EventDate "2016.05.04"]
[EventRounds "9"]
[EventCountry "IND"]

1. e4 e5 2. Nf3 Nc6 3. Bb5 g6 4. O-O Bg7 5. c3 a6 6. Ba4 Nge7 7. d4 exd4 8.
cxd4 b5 9. Bb3 O-O 10. Nc3 d6 11. h3 Na5 12. Bc2 Bb7 13. Bf4 Rc8 14. b4 Nc4 15.
a4 f5 16. Bg5 fxe4 17. Bxe4 Bxe4 18. Nxe4 h6 19. Bxe7 Qxe7 20. Re1 Qd7 21. axb5
axb5 22. Qd3 Qf5 23. Qb3 Kh7 24. Ng3 Qf7 25. Qd3 Rce8 26. Re4 Rxe4 27. Qxe4 Nd2
28. Nxd2 Qxf2+ 29. Kh2 Qxd2 30. Ra7 Rf7 31. Qd5 Qf4 32. Ra3 Re7 33. Qxb5 Qxd4
34. Rd3 Qa7 35. Rf3 Re1 36. h4 Qd4 37. Kh3 h5 38. Qg5 Re5 39. Qf4 Qxf4 40. Rxf4
Re3 41. Rf3 Rxf3 42. gxf3 d5 43. b5 Be5 44. Ne2 Kg7 45. f4 Bb2 46. f5 Be5 47.
fxg6 Kxg6 48. Kg2 Kf5 49. Kf3 d4 50. Nc1 Bf6 51. Nb3 Ke5 52. Nc5 Bxh4 53. b6
cxb6 54. Nd7+ Kf5 55. Nxb6 Bd8 56. Nc4 h4 57. Ne3+ Kg5 58. Nc2 d3 59. Ne3 Bb6
60. Nf1 Kf5 61. Nd2 Bc7 62. Ke3 h3 63. Kf3 Be5 64. Nf1 Bf4 65. Kf2 Ke4 66. Kg1
Kf3 67. Kh1 Kf2 68. Ng3 Kxg3  0-1

[Event "Asian Junior Girls Chess Championship-2016"]
[Site "New Delhi"]
[Date "2016.05.08"]
[Round "6"]
[Board "3"]
[White "Uuriintuya, Uurtsaikh"]
[Black "Harshita, Guddanti"]
[Result "1/2-1/2"]
[WhiteElo "2172"]
[BlackElo "2052"]
[PlyCount "0"]
[EventDate "2016.05.04"]
[EventRounds "9"]
[EventCountry "IND"]

1. e4 e5 2. Nf3 Nc6 3. Bc4 Bc5 4. c3 Nf6 5. d3 a6 6. Bb3 Ba7 7. h3 O-O 8. Nbd2
d6 9. Nf1 Be6 10. Ng3 Qd7 11. Nh4 Bxb3 12. axb3 Qe6 13. O-O d5 14. Nhf5 dxe4
15. dxe4 g6 16. Bg5 Kh8 17. Ne3 Ne7 18. Nc4 b5 19. Na5 Nfg8 20. Qe2 Bb6 21. b4
f6 22. Bd2 Nc8 23. Be3 Nd6 24. Kh2 Ne7 25. Bc5 Bxa5 26. bxa5 Nb7 27. Qe3 Nxc5
28. Qxc5 Qd6 29. Qe3 c5 30. Rfd1 Qc7 31. b4 cxb4 32. cxb4 Qc4 33. Rab1 Qe6 34.
Rb2 Nc6 35. Ne2 Qe7 36. Qb3 Rfd8 37. Rd5 Nd4 38. Qc3 Rxd5 39. exd5 Nxe2 40.
Rxe2 Qd7 41. f4 Rc8 42. Qf3 Qd6 43. fxe5 fxe5 44. Qe4 Rc4 45. Qxe5+ Qxe5+ 46.
Rxe5 Rxb4 47. Re6 Rd4 48. Rxa6 Rxd5 49. Rb6 b4 50. a6 Ra5 51. Rb8+ Kg7 52. Rb7+
Kh6  1/2-1/2

[Event "Asian Junior Girls Chess Championship-2016"]
[Site "New Delhi"]
[Date "2016.05.08"]
[Round "6"]
[Board "4"]
[White "Ivana Maria, Furtado"]
[Black "Priyanka, K"]
[Result "1/2-1/2"]
[WhiteElo "2091"]
[BlackElo "1966"]
[PlyCount "0"]
[EventDate "2016.05.04"]
[EventRounds "9"]
[EventCountry "IND"]

1. d4 Nf6 2. Nc3 d5 3. Qd3 Nbd7 4. Bg5 c5 5. dxc5 e6 6. O-O-O Bxc5 7. e4 d4 8.
Na4 b6 9. Qb5 h6 10. Bh4 Qc7 11. Bxf6 Qf4+ 12. Kb1 Qxf6 13. b4 Rb8 14. c3 O-O
15. Qe2 Bd6 16. Nf3 e5 17. cxd4 Bxb4 18. dxe5 Nxe5 19. Qb2 Nxf3 20. Qxb4 Ne5
21. Nc3 Be6 22. f3 Rbc8 23. Nd5 Bxd5 24. Rxd5 Rfd8 25. Be2 Nc6 26. Qb2 Qg6 27.
Rxd8+ Rxd8 28. Bc4 Qd6 29. Bd5 Ne7 30. Rd1 Qc7 31. g3 Nxd5 32. Rxd5 Rc8 33. Qd2
Qc4 34. Rd8+ Rxd8 35. Qxd8+ Kh7 36. Qd1 b5 37. Kb2 Qb4+ 38. Qb3 Qd4+ 39. Ka3
Qc5+ 40. Kb2 Qf2+ 41. Ka3 Qxh2 42. Qxf7 Qxg3 43. Qf5+ Qg6 44. Qxb5 Qd6+ 45. Ka4
Qd1+ 46. Ka5 Qd2+ 47. Ka6 Qxa2+ 48. Kb7 Qf7+ 49. Kb8 Qxf3 50. e5 Qe3 51. Qd5
Qb6+ 52. Kc8 Qa6+ 53. Kb8 Qb6+ 54. Kc8 Qa6+ 55. Kb8 Qb6+ 56. Kc8 Qa6+  1/2-1/2

[Event "Asian Junior Girls Chess Championship-2016"]
[Site "New Delhi"]
[Date "2016.05.08"]
[Round "6"]
[Board "5"]
[White "Ananya, Suresh"]
[Black "Chitlange, Sakshi"]
[Result "1/2-1/2"]
[WhiteElo "1902"]
[BlackElo "1928"]
[PlyCount "0"]
[EventDate "2016.05.04"]
[EventRounds "9"]
[EventCountry "IND"]

1. e4 e6 2. d4 d5 3. Nc3 dxe4 4. Nxe4 Nd7 5. Nf3 Ngf6 6. Bd3 c5 7. Be3 Nxe4 8.
Bxe4 Nf6 9. Bd3 Qc7 10. Qe2 Be7 11. O-O-O a6 12. Kb1 Nd5 13. Bd2 b5 14. dxc5
Bb7 15. c6 Bxc6 16. h4 Rc8 17. Ne5 Bb7 18. f4 Bf6 19. c3 O-O 20. g4 Nb6 21. Rh3
Bxe5 22. fxe5 Nc4 23. Bf4 a5 24. Qc2 b4 25. Bxh7+ Kh8 26. h5 bxc3 27. Rxc3 Qb6
28. Ka1 Qxb2+ 29. Qxb2 Nxb2 30. Rxc8 Bxc8 31. Kxb2 Kxh7 32. g5  1/2-1/2

[Event "Asian Junior Girls Chess Championship-2016"]
[Site "New Delhi"]
[Date "2016.05.08"]
[Round "6"]
[Board "6"]
[White "Hamedi Nia, Vesal"]
[Black "Sapale, Saloni"]
[Result "1/2-1/2"]
[WhiteElo "1983"]
[BlackElo "2025"]
[PlyCount "0"]
[EventDate "2016.05.04"]
[EventRounds "9"]
[EventCountry "IND"]

1. d4 d5 2. c4 c6 3. cxd5 cxd5 4. Nc3 Nf6 5. Bf4 Nc6 6. e3 Bf5 7. Qb3 Na5 8. Qa4 Bd7 9. Bb5 Nc6 10. Nf3 a6 11. Be2 e6 12. O-O Be7 13. h3 O-O 14. Rac1 b5 15. Qd1 Qb6 16. a3 Na5 17. Bd3 Nc4 18. Qe2 Rac8 19. Rfd1 Bc6 20. Ne5 Bb7 21. Bb1 Qd8 22. Bg5 Nd7 23. Bxe7 Qxe7 24. Nxd7 Qxd7 25. Qc2 f5 26. Qe2 Qf7 27. Na2 Nd6 28. Nb4 Nc4 29. Nd3 Rc7 30. Rc2 Rfc8 31. Rdc1 Qe7 32. Nc5 Nd6 33. Qe1 Ne4 34. b4 Nxc5 35. Rxc5 Rc6 36. Rxc6 Rxc6 37. Rxc6 Bxc6 38. Qc3 Qd7 39. Qc5 Kf7 40. Bd3 Bb7 41. Kf1 Qc6 42. Ke2 g6 43. f3 Qxc5 44. bxc5 Bc6 45. Kd2 a5 46. Kc3 Ke7 47. h4 Kd8 48. Be2 Ke7 49. f4 h5   1/2-1/2

[Event "Asian Junior Girls Chess Championship-2016"]
[Site "New Delhi"]
[Date "2016.05.08"]
[Round "6"]
[Board "7"]
[White "Varshini, V"]
[Black "Shweta, Gole"]
[Result "1/2-1/2"]
[WhiteElo "2223"]
[BlackElo "1879"]
[PlyCount "0"]
[EventDate "2016.05.04"]
[EventRounds "9"]
[EventCountry "IND"]

1. e4 e6 2. d4 d5 3. e5 c5 4. c3 Qb6 5. Nf3 Bd7 6. Bd3 cxd4 7. cxd4 Bb5 8. O-O Bxd3 9. Qxd3 Ne7 10. Nc3 Nec6 11. Be3 Nd7 12. Rac1 Be7 13. Nd2 O-O 14. f4 f5 15. exf6 Nxf6 16. h3 Rac8 17. Nb3 Nb4 18. Qb1 Qd6 19. a3 Nc6 20. Qd3 b6 21. Nd2 Na5 22. Ne2 Qd7 23. b4 Nb7 24. Nf3 Nd6 25. Ne5 Qa4 26. Nc3 Qe8 27. b5 Nfe4 28. Nc6 Nxc3 29. Rxc3 Qd7 30. Rfc1 Nc4 31. a4 Bd6 32. Rf1 Nb2 33. Qc2 Nc4 34. Bc1 Rf6 35. Qe2 Rcf8 36. Rcf3 Qc7 37. g4 Qd7 38. Qg2 a6 39. R3f2 axb5 40. axb5 Bb8 41. h4 Rc8 42. f5 Bc7 43. fxe6 Rxe6 44. Rf5 Ne3 45. Bxe3 Rxe3 46. Rxd5 Qe6 47. Ne5 Bxe5 48. Rxe5 Rxe5 49. dxe5 Qxe5 50. Qf2 Qc5   1/2-1/2

[Event "Asian Junior Girls Chess Championship-2016"]
[Site "New Delhi"]
[Date "2016.05.08"]
[Round "6"]
[Board "8"]
[White "Tarini, Goyal"]
[Black "Akshaya, Nandakumar"]
[Result "0-1"]
[WhiteElo "2010"]
[BlackElo "1820"]
[PlyCount "0"]
[EventDate "2016.05.04"]
[EventRounds "9"]
[EventCountry "IND"]

1. d4 Nf6 2. c4 e6 3. Nc3 Bb4 4. e3 b6 5. Nge2 c5 6. a3 Ba5 7. Rb1 Na6 8. g3 Bb7 9. d5 b5 10. Bg2 b4 11. axb4 Nxb4 12. O-O exd5 13. cxd5 O-O 14. e4 d6 15. h3 Re8 16. Ra1 Ba6 17. Bg5 Bb6 18. g4 h6 19. Be3 Bd3 20. g5 Nxe4 21. Nxe4 Bxe4 22. Bxe4 Rxe4 23. gxh6 Rh4 24. Kh2 Qd7 25. Nf4 Rxh6 26. Rg1 Qf5 27. Qf3 g6 28. Rg3 Kh7 29. Rag1 Rg8 30. Rg5 Qf6 31. Qg3 Bd8 32. Rg4 Rh4 33. b3 Rxg4 34. Qxg4 Qe5 35. Qd7 Qe7 36. Qg4 Qe5 37. Qd7 Qe7 38. Qg4 Nc2 39. Bc1 Qh4 40. Qf3 Nd4 41. Qe3 Qe7 42. Qd3 Qe5 43. Qg3 g5 44. Qg4 Rg7 45. Qh5 Kg8 46. Kh1 gxf4 47. Rxg7 Kxg7 48. Qg4 Qg5 49. Bxf4 Qxg4 50. hxg4 Be7   0-1

[Event "Asian Junior Girls Chess Championship-2016"]
[Site "New Delhi"]
[Date "2016.05.08"]
[Round "6"]
[Board "9"]
[White "Sunyuktha, C M N"]
[Black "Priyanka, Nutakki"]
[Result "1/2-1/2"]
[WhiteElo "1861"]
[BlackElo "1907"]
[PlyCount "0"]
[EventDate "2016.05.04"]
[EventRounds "9"]
[EventCountry "IND"]

1. e4 e6 2. d4 d5 3. exd5 exd5 4. c4 Bb4 5. Nc3 Ne7 6. Bd3 Nbc6 7. Nge2 Bg4 8. f3 Bh5 9. c5 O-O 10. a3 Bxc3 11. bxc3 Bg6 12. O-O Bxd3 13. Qxd3 Na5 14. Bg5 f6 15. Bh4 Ng6 16. Bg3 Nc4 17. h4 Re8 18. h5 Re3 19. Qc2 Nf8 20. Bf4 Re8 21. Ng3 Ne6 22. Bc1 b6 23. cxb6 axb6 24. Nf5 Qd7 25. Qf2 Nd8 26. Ne3 Nxe3 27. Bxe3 Nb7 28. h6 g6 29. Rfe1 Qd6 30. Qh4 Kf7 31. Bf4 Qc6 32. Rxe8 Rxe8 33. Re1 Na5 34. Rxe8 Qxe8 35. Qe1   1/2-1/2

[Event "Asian Junior Girls Chess Championship-2016"]
[Site "New Delhi"]
[Date "2016.05.08"]
[Round "6"]
[Board "10"]
[White "Divya, Lakshmi R"]
[Black "Sanskriti, Goyal"]
[Result "1-0"]
[WhiteElo "1905"]
[BlackElo "1688"]
[PlyCount "0"]
[EventDate "2016.05.04"]
[EventRounds "9"]
[EventCountry "IND"]

1. e4 e6 2. d4 d5 3. Nc3 Nf6 4. e5 Nfd7 5. f4 c5 6. Nf3 Nc6 7. Be3 cxd4 8. Nxd4 Bc5 9. Qd2 O-O 10. O-O-O Nxd4 11. Bxd4 a6 12. g4 b5 13. f5 b4 14. Ne2 Qc7 15. Bxc5 Qxc5 16. f6 Nxe5 17. fxg7 Kxg7 18. Qg5 Ng6 19. Ng3 Qe7 20. Nh5 Kh8 21. Qh6 Rg8 22. Bd3 e5 23. Rhf1 Be6 24. Bf5 Rac8 25. Kb1 Rc6 26. Rf3 Bxf5 27. gxf5 Nh4 28. Qxc6 Nxf3 29. Qxd5 Nd4 30. f6 Qc7 31. Qe4 Rc8 32. Rd2 Qc4 33. Ng3 b3 34. axb3 Nxb3 35. Rd7 Qe6 36. Qb7 Rf8 37. Qb4 Re8 38. Rd6 Qg4   1-0

[Event "Asian Junior Girls Chess Championship-2016"]
[Site "New Delhi"]
[Date "2016.05.09"]
[Round "7"]
[Board "1"]
[White "Vaishali, R"]
[Black "Chandreyee, Hajra"]
[Result "1/2-1/2"]
[WhiteElo "2322"]
[BlackElo "1996"]
[PlyCount "0"]
[EventDate "2016.05.04"]
[EventRounds "9"]
[EventCountry "IND"]

1. Nf3 d5 2. g3 Nf6 3. Bg2 c5 4. c4 e6 5. O-O Nc6 6. b3 d4 7. e3 Bd6 8. a3 a5
9. exd4 cxd4 10. d3 h6 11. Re1 O-O 12. Bb2 e5 13. c5 Bb8 14. Nbd2 Nd7 15. Rc1
Ba7 16. Nc4 f6 17. b4 axb4 18. axb4 Nxb4 19. Ncxe5 Nxc5 20. Ba3 Nba6 21. Ng6
Re8 22. Nxd4 Rxe1+ 23. Qxe1 Kh7 24. Bxc5 Nxc5 25. Qe7 Bg4 26. Qxd8 Rxd8 27. Rc4
Nxd3 28. Nb5 Bxf2+ 29. Kf1 Be6 30. Rc3 Kxg6 31. Nc7 Bf5 32. g4 Bxg4 33. Nd5 Nb2
34. Rc7 Nd1 35. h3 Bg3 36. Rxb7 Bd7 37. Ke2 Kg5 38. Kxd1 Bc6 39. Rxg7+ Kf5 40.
Rxg3 Bxd5 41. Bxd5 Rxd5+ 42. Ke2 Ra5 43. Rb3 Kg5 44. Kf3 f5 45. Kg3 Ra4 46. Rc3
h5 47. Rb3 h4+ 48. Kf3 Ra2 49. Rb8 Ra3+ 50. Kg2 Rg3+ 51. Kh2 f4 52. Rb5+ Kg6
53. Rb6+ Kh5 54. Rb5+ Rg5 55. Rb3 Kg6 56. Rb6+ Kh5 57. Rf6  1/2-1/2

[Event "Asian Junior Girls Chess Championship-2016"]
[Site "New Delhi"]
[Date "2016.05.09"]
[Round "7"]
[Board "2"]
[White "Nandhidhaa, Pv"]
[Black "Uuriintuya, Uurtsaikh"]
[Result "0-1"]
[WhiteElo "2141"]
[BlackElo "2172"]
[PlyCount "0"]
[EventDate "2016.05.04"]
[EventRounds "9"]
[EventCountry "IND"]

1. e4 c5 2. Nf3 Nc6 3. d4 cxd4 4. Nxd4 g6 5. c4 Bg7 6. Be3 Nf6 7. Nc3 O-O 8.
Be2 d6 9. O-O Bd7 10. Qd2 Nxd4 11. Bxd4 Bc6 12. f3 a5 13. b3 Nd7 14. Be3 Nc5
15. Rab1 e6 16. Nb5 Be5 17. g3 Qe7 18. Bg5 f6 19. Bh6 Rfd8 20. f4 Nxe4 21. Qe3
f5 22. fxe5 dxe5 23. Bd3 Rxd3 24. Qxd3 g5 25. Qe3 Qf6 26. Na7 Qxh6 27. Nxc6
bxc6 28. Rbd1 Qg7 29. Qb6 Qa7 30. Rd8+ Kg7 31. Qxa7+ Rxa7 32. Rfd1 Nc3 33. R1d6
Ne2+ 34. Kf2 Nd4 35. Ke3 Kf6 36. Rf8+ Ke7 37. Rdd8 a4 38. Rfe8+ Kf6 39. Rf8+
Kg6 40. Rg8+ Kh5 41. b4 Nc2+ 42. Kd2 Nxb4 43. a3 Na6 44. Rd6 Nc5 45. Rxc6 Nb3+
46. Kc3 Nd4 47. Rc5 Nf3 48. Re8 Rb7 49. Rb5 Rc7 50. Rbb8 Rc6 51. Rec8 Rd6 52.
c5 Rd1 53. c6 e4 54. c7 e3 55. Rb2 Rd7 56. Kc4 Nd2+ 57. Kb5 e2 58. Kc6 Rxc7+
59. Rxc7 e1=Q 60. Rxh7+ Kg4 61. Rb4+ Kf3 62. Rxa4 Qc1+ 63. Kb5 Ne4 64. Ra6 Qc5+
65. Ka4 Nc3+ 66. Kb3 Qb5+ 67. Kxc3 Qxa6 68. Kb4 e5  0-1

[Event "Asian Junior Girls Chess Championship-2016"]
[Site "New Delhi"]
[Date "2016.05.09"]
[Round "7"]
[Board "3"]
[White "Akshaya, Nandakumar"]
[Black "Ivana Maria, Furtado"]
[Result "0-1"]
[WhiteElo "1820"]
[BlackElo "2091"]
[PlyCount "0"]
[EventDate "2016.05.04"]
[EventRounds "9"]
[EventCountry "IND"]

1. e4 e6 2. Nf3 d5 3. Nc3 d4 4. Ne2 c5 5. c3 Nc6 6. cxd4 cxd4 7. Qa4 Bc5 8. b4
Bxb4 9. Nexd4 Nge7 10. Bb5 Qa5 11. Rb1 a6 12. Nxc6 axb5 13. Qxa5 Bxa5 14. Nxe7
Kxe7 15. Rxb5 b6 16. Ba3+ Ke8 17. Bb2 f6 18. e5 Ba6 19. Rb3 Kf7 20. exf6 gxf6
21. Nd4 Rhd8 22. Rh3 Rac8 23. Rxh7+ Kg6 24. Ra7 Rxd4 25. Rxa6 Rxd2 26. O-O Rxb2
27. Ra7 Rcc2 28. g3 Bb4 29. h4 Bc5 30. Kg2 Rxa2 31. Rxa2 Rxa2 32. g4 f5 33. Kg3
Bxf2+ 34. Rxf2 Rxf2 35. Kxf2 fxg4 36. Kg3 Kh5  0-1

[Event "Asian Junior Girls Chess Championship-2016"]
[Site "New Delhi"]
[Date "2016.05.09"]
[Round "7"]
[Board "4"]
[White "Harshita, Guddanti"]
[Black "Hamedi Nia, Vesal"]
[Result "1/2-1/2"]
[WhiteElo "2052"]
[BlackElo "1983"]
[PlyCount "0"]
[EventDate "2016.05.04"]
[EventRounds "9"]
[EventCountry "IND"]

1. e4 c5 2. Nf3 e6 3. d4 cxd4 4. Nxd4 a6 5. Nc3 Qc7 6. Be2 b5 7. O-O Bb7 8. a3
Be7 9. f4 Nc6 10. Nxc6 Bxc6 11. Be3 Nf6 12. Bf3 Qb7 13. e5 Ne4 14. Nxe4 Bxe4
15. c3 O-O 16. Bxe4 Qxe4 17. Rf3 Qc6 18. Rh3 Bc5 19. Bxc5 Qxc5+ 20. Kh1 Qf2 21.
Qb1 h6 22. Rf3 Qe2 23. b3 Qd2 24. Ra2 Qd5 25. Rd3 Qe4 26. Qf1 Rac8 27. Ra1 Rc7
28. Re1 Qc6 29. Qf3 Qc5 30. Qg4 f5 31. exf6 Rxf6 32. Rg3 Rf7 33. Qh4 Kh7 34.
Qg4 Qf2 35. Qg6+ Kg8 36. Rg1 Rc6 37. Qh5 Rc5 38. Qg6 Rcf5 39. Rf3 Qd2 40. Rgf1
Qb2 41. g4 Rd5 42. g5 Rd2 43. Qh5 hxg5 44. fxg5 Rxf3 45. Qe8+ Kh7 46. Qh5+ Kg8
47. Qe8+  1/2-1/2

[Event "Asian Junior Girls Chess Championship-2016"]
[Site "New Delhi"]
[Date "2016.05.09"]
[Round "7"]
[Board "5"]
[White "Chitlange, Sakshi"]
[Black "Bala, Kannamma P"]
[Result "0-1"]
[WhiteElo "1928"]
[BlackElo "2040"]
[PlyCount "0"]
[EventDate "2016.05.04"]
[EventRounds "9"]
[EventCountry "IND"]

1. d4 Nf6 2. c4 e6 3. Nf3 b6 4. g3 Bb7 5. Bg2 Be7 6. O-O O-O 7. Re1 c5 8. d5
exd5 9. Nh4 Ne4 10. cxd5 Bxh4 11. Bxe4 Bf6 12. Qc2 g6 13. Bf4 d6 14. Nd2 Qe7
15. Nc4 Rd8 16. Bg2 Ba6 17. e4 Bxc4 18. Qxc4 Bxb2 19. Rab1 Be5 20. Be3 Nd7 21.
f4 Bg7 22. e5 Rab8 23. e6 Nf8 24. a4 Kh8 25. Bf2 Re8 26. Re2 Qf6 27. Rbe1 Re7
28. Bh3 Qc3 29. Qb5 fxe6 30. Qc6 Rd8 31. Re3 Qf6 32. Bxe6 h5 33. Bc8 Rxe3 34.
Rxe3 Qf7 35. Re2 Bf6 36. Re4 Kg7 37. Bh3 Kh8 38. Bc8 Kg7 39. h3 Nd7 40. Qc7
Qxd5 41. Bb7 Qf7 42. Qxd6 Nb8 43. Qe6 Qxb7 44. g4 Qf7 45. g5 Qxe6 46. Rxe6 Bd4
47. Re7+ Kf8 48. Rxa7 Nc6 49. Rb7 Bxf2+ 50. Kxf2 Rb8 51. Rc7 Ne7 52. Kf3 Kf7
53. Ke4 Ke6 54. a5 bxa5 55. Rxc5 Rb4+ 56. Kf3 a4 57. Ra5 Nd5 58. Ra6+ Kf5 59.
Rd6 Rb3+ 60. Kf2 Nxf4 61. h4 a3 62. Ra6 Kg4 63. Ra4 Rf3+ 64. Kg1 Kxh4 65. Kh2
Kxg5 66. Kg1 Kg4 67. Kh2 Rb3 68. Kg1 h4 69. Kh2 Rb2+ 70. Kg1 a2 71. Kh1 g5 72.
Kg1 Kh5 73. Kh1 Nd5 74. Kg1 Rb1+ 75. Kh2 a1=Q 76. Rxa1 Rxa1 77. Kg2 Kg4 78. Kh2
Ra2+ 79. Kg1 Kf3 80. Kh1 Kg3  0-1

[Event "Asian Junior Girls Chess Championship-2016"]
[Site "New Delhi"]
[Date "2016.05.09"]
[Round "7"]
[Board "6"]
[White "Priyanka, K"]
[Black "Divya, Lakshmi R"]
[Result "1-0"]
[WhiteElo "1966"]
[BlackElo "1905"]
[PlyCount "0"]
[EventDate "2016.05.04"]
[EventRounds "9"]
[EventCountry "IND"]

1. e4 c5 2. Nf3 d6 3. d4 cxd4 4. Nxd4 Nf6 5. Nc3 a6 6. h3 e6 7. g4 Be7 8. Bg2 Nfd7 9. g5 Nc6 10. h4 O-O 11. f4 Nxd4 12. Qxd4 e5 13. Qf2 exf4 14. Bxf4 Ne5 15. O-O-O Qa5 16. Rd5 Qc7 17. Rhd1 Bg4 18. R1d2 Nc4 19. R2d3 Be6 20. R5d4 Qb6 21. b3 Ne5 22. Rd2 Qa5 23. Qg3 b5 24. Kb2 Rfc8 25. Nd5 Bxd5 26. Rxd5 Rab8 27. Bf1 g6 28. h5 gxh5 29. Rh2 Bf8 30. Bd2 Qc7 31. Bc3 Bg7 32. Bd4 Ng4 33. Rd2 Ne5 34. Qh3 h4 35. Be2 Qa5 36. c3 Ng6 37. Bxg7 Kxg7 38. Qe3 Qb6 39. Qxb6 Rxb6 40. Rxd6 Rcc6 41. Rxc6 Rxc6 42. c4 bxc4 43. Bxc4 Ne5 44. Bd5 Rg6 45. Rh2 Rxg5 46. Rxh4 h5 47. b4 Kh6 48. Rh2 Rg3 49. a4 Nd3 50. Kc3 Ne5 51. Kc2 Kg5 52. Rf2 f6 53. b5 axb5 54. axb5 Nd7 55. Bc6 Nb6 56. Rf5 Kg6 57. Be8 Kg7 58. Bxh5 Re3 59. Rf4 Nc4 60. Be8 Kf8 61. Bc6 Ke7 62. Rh4 Na3 63. Kc1 Kd6 64. Rh5 Rd3 65. Rf5 Ke7 66. Kb2 Nc4 67. Kc2 Re3 68. Rc5 Nb6 69. Kd2 Rh3 70. Rc1 Rb3 71. Ra1 Nc4 72. Kc2 Re3 73. Ra4 Nb6 74. Ra6 Nc4 75. Bd5 Nd6 76. b6 Kd7 77. b7 Nxb7 78. Bxb7 Ke7 79. Bd5 Rf3 80. Kd2 Rg3 81. Ke2 Rh3 82. Be6 Rg3 83. Bf5 Rc3 84. Re6 Kf7 85. Rd6 Ra3 86. Rd7 Kf8 87. Rd3 Ra1 88. Ke3 Ra4 89. Kf4 Rb4 90. Bg4 Rb7 91. Kf5 Ke7 92. Kg6 Ra7 93. Rd7 Rxd7 94. Bxd7 Kxd7 95. Kxf6   1-0

[Event "Asian Junior Girls Chess Championship-2016"]
[Site "New Delhi"]
[Date "2016.05.09"]
[Round "7"]
[Board "7"]
[White "Priyanka, Nutakki"]
[Black "Ananya, Suresh"]
[Result "1-0"]
[WhiteElo "1907"]
[BlackElo "1902"]
[PlyCount "0"]
[EventDate "2016.05.04"]
[EventRounds "9"]
[EventCountry "IND"]

1. d4 f5 2. Nf3 d6 3. g3 g6 4. Bg2 Bg7 5. O-O Nf6 6. c4 c6 7. Nc3 O-O 8. b3 h6 9. Bb2 Qe8 10. d5 c5 11. Nd2 g5 12. e3 a6 13. a4 Qg6 14. Qe2 Nbd7 15. f4 Ng4 16. Nd1 Ndf6 17. h3 Nh5 18. Qe1 Ngf6 19. Kh2 Bd7 20. a5 Rab8 21. Nc3 e5 22. dxe6 Bxe6 23. Rd1 Kh8 24. Rg1 b5 25. axb6 Rxb6 26. Na4 Rbb8 27. Bh1 Rbe8 28. Qf2 Re7 29. Nf1 Rd7 30. Qc2 Rg8 31. g4 Qe8 32. gxh5 Qxh5 33. Bxf6 g4 34. Qg2 Bxf6 35. Ng3 Qh4 36. Nb6 Rb8 37. Nxd7 Rxb3 38. Rb1 Ra3 39. Rb8 Kg7 40. Re1 Bc3 41. Re2 Ra1 42. Nf8 Be1 43. Nxe6 Kf6 44. Rf8 Kg6 45. Rg8 Kf7 46. Qb7   1-0

[Event "Asian Junior Girls Chess Championship-2016"]
[Site "New Delhi"]
[Date "2016.05.09"]
[Round "7"]
[Board "8"]
[White "Ovezdurdiyeva, Jemal"]
[Black "Varshini, V"]
[Result "0-1"]
[WhiteElo "1971"]
[BlackElo "2223"]
[PlyCount "0"]
[EventDate "2016.05.04"]
[EventRounds "9"]
[EventCountry "IND"]

1. d4 d5 2. c4 e6 3. Nc3 Nf6 4. cxd5 exd5 5. Bg5 Be7 6. e3 O-O 7. Bd3 c6 8. Qc2 Nbd7 9. Nge2 h6 10. Bh4 Re8 11. O-O Nf8 12. f3 Be6 13. Rad1 Rc8 14. e4 dxe4 15. fxe4 Ng4 16. Bxe7 Qxe7 17. Qd2 c5 18. d5 Bd7 19. h3 Ne5 20. Bc2 Qd6 21. Ng3 Ng4 22. Nce2 Nf6 23. Nf4 Ng6 24. Nfh5 Nxh5 25. Nxh5 Qe5 26. Qf2 Rf8 27. Ng3 Bb5 28. Rfe1 Nf4 29. Nf5 Rfe8 30. d6 Rcd8 31. a4 Bc4 32. Ne3 Be6 33. Rf1 g5 34. Nd5 Bxd5 35. Rxd5 Nxd5 36. Qxf7 Kh8 37. exd5 Qg7 38. d7 Rf8 39. Qxg7 Kxg7 40. Bf5 Kf6 41. Be6 Ke7 42. Re1 Kd6 43. g3 Rf3 44. Kg2 Rd3 45. Re2 Rd4 46. a5 c4 47. g4 b5 48. axb6 axb6 49. Kf3 Rd3 50. Ke4 Rxh3 51. Kf5 Rf8 52. Kg6 Kc7 53. Bf5 Rd8 54. Re8 Rxd7 55. Bxd7 Kxd7 56. Re6 b5 57. Rb6 Rb3 58. Kf5 Rxb2 59. Ke5 c3 60. Rd6 Ke7 61. Re6 Kf7 62. Rc6 Re2 63. Kd4 b4 64. Rc4 c2 65. Kd3 Rg2 66. Rxc2 Rxc2 67. Kxc2 Ke7 68. Kb3 Kd6 69. Kxb4 Kxd5 70. Kc3 Ke4 71. Kd2 Kf4 72. Ke2 Kxg4 73. Kf2 Kh3 74. Kg1 g4 75. Kh1 g3 76. Kg1 g2   0-1